Most Populous Countries in 1939 - Statistics

General Stats
  • This quiz has been taken 277 times
    243 since last reset
  • The average score is 18 of 20
Answer Stats
Population Country Global Percentage % Correct
567,911,825 British Empire 24.0%
100%
267,568,000 China 11.6%
99%
107,624,472 France 4.7%
98%
147,500,800 United States 6.4%
98%
304,119,000 Empire of Japan 13.2%
97%
168,500,000 Soviet Union 7.3%
97%
86,755,281 Nazi Germany 3.8%
96%
26,822,800 Spain 1.2%
95%
40,289,000 Brazil 1.8%
94%
56,532,624 Italian Empire 2.5%
94%
19,320,000 Mexico 0.8%
91%
78,366,300 Dutch Empire 3.4%
90%
17,370,000 Turkey 0.8%
90%
34,849,000 Poland 1.5%
87%
18,595,400 Portuguese Empire 0.8%
86%
22,491,000 Belgian Empire 1.0%
78%
14,340,000 Iran 0.6%
78%
19,933,800 Romania 0.9%
74%
15,490,000 Yugoslavia 0.7%
72%
15,023,000 Siam 0.7%
44%
No matching quizzes found
Score Distribution
Percent of People with Each Score
Percentile by Number Answered
Your Score History
You have not taken this quiz since the last reset